| 000 | 01290nam a2200277Ia 4500 | ||
|---|---|---|---|
| 003 | OSt | ||
| 005 | 20220923211028.0 | ||
| 006 | a|||||r|||| 00| 0 | ||
| 007 | ta | ||
| 008 | 220922b |||||||| |||| 00| 0 hin d | ||
| 020 |
_a8170840708 (hbk) _c1200 |
||
| 024 | _a280,681 | ||
| 037 |
_b708/1, 18/03/2014, Vidyanidhi Prakashan _cTextual |
||
| 040 |
_aARTS _cARTS _bhin |
||
| 041 |
_2hin _ahin |
||
| 082 | _aO15vL5, 152N1;Q3 | ||
| 100 |
_aमैक्डोनल, आर्थर एण्टनी; त्रिपाठी, रामसागर, अनु. _9157338 |
||
| 245 | 0 | _aसंस्कृत साहित्य का इतिहास | |
| 246 | _aSanskṛut sāhitya kā itihāsa | ||
| 260 |
_aदिल्ली _b चौखम्बा संस्कृत प्रतिष्ठान _c2013 |
||
| 300 |
_a627पृ. _ccm. |
||
| 490 | _aव्रजजीवन प्राच्यभारती ग्रन्थमाला; 49 | ||
| 650 |
_aसंस्कृत साहित्य _9157339 |
||
| 942 |
_hO15vL5, 152N1;Q3 _cTEXL _2CC |
||
| 999 |
_c294167 _d294167 |
||